| 000 | 00807nam a22002897a 4500 | ||
|---|---|---|---|
| 001 | 5297 | ||
| 003 | FISKH | ||
| 005 | 20250815123740.0 | ||
| 008 | 241125b cb ||||| |||| 00| 0 eng d | ||
| 020 | _a0590453920 | ||
| 040 |
_aFISKH _beng _cFISKH _dFISKH |
||
| 050 | _aPZ7.A778 | ||
| 082 | _a813.54 | ||
| 100 |
_aAsch, Frank _d(1946-) |
||
| 245 |
_aBear's bargain / _cFrank Asch |
||
| 250 | _aFirst printing in 1991 | ||
| 260 |
_aNew York : _bScholastic, _c1991. |
||
| 300 |
_a28 pages : _bColor illustrations ; _c21 cm |
||
| 505 | _aJ | ||
| 520 | _aBear and Little Bird try to help each other achieve impossible ambitions. | ||
| 521 | 8 |
_a460
_bLexile |
|
| 521 | 8 |
_aJ
_bRaz-Plus |
|
| 650 |
_2Fiction _aAnimals |
||
| 650 |
_2Bear _aProblem solving |
||
| 942 |
_2ddc _cBK _n0 |
||
| 999 |
_c5297 _d5297 |
||